The short essays for composition

Gardado en:
Detalles Bibliográficos
Autor Principal: Cooley, Thomas
Outros autores: Thomas Cooley
Idioma:Undetermined
English
Publicado: New York W.W. Norton 2003
Những chủ đề:
Các nhãn: Engadir etiqueta
Sen Etiquetas, Sexa o primeiro en etiquetar este rexistro!
Thư viện lưu trữ: Trung tâm Học liệu Trường Đại học Trà Vinh
LEADER 00639nam a2200253Ia 4500
001 TVU_17421
008 210423s9999 xx 000 0 und d
020 |a 0393979431 
020 |a 9780393979435 
041 |a eng 
082 |a 808.0427 
082 |b C432 
100 |a Cooley, Thomas 
245 4 |a The  
245 0 |b short essays for composition 
245 0 |c Thomas Cooley 
260 |a New York 
260 |b W.W. Norton 
260 |c 2003 
300 |a xxviii, 432 p. 
300 |c 21 cm 
650 |a College readers; English language; Essays 
700 |a Thomas Cooley 
980 |a Trung tâm Học liệu Trường Đại học Trà Vinh